<?xml version="1.0" encoding="UTF-8"?>
<record
    xmlns:xsi="http://www.w3.org/2001/XMLSchema-instance"
    xsi:schemaLocation="http://www.loc.gov/MARC21/slim http://www.loc.gov/standards/marcxml/schema/MARC21slim.xsd"
    xmlns="http://www.loc.gov/MARC21/slim">

  <leader>     nam a22        4500</leader>
  <datafield tag="999" ind1=" " ind2=" ">
    <subfield code="c">144022</subfield>
    <subfield code="d">144020</subfield>
  </datafield>
  <controlfield tag="005">20180905124533.0</controlfield>
  <controlfield tag="008">180905b        mx ||||| |||| 00| 0 spa d</controlfield>
  <datafield tag="050" ind1="0" ind2="4">
    <subfield code="a">TK1428 </subfield>
    <subfield code="b">P53 1980</subfield>
  </datafield>
  <datafield tag="245" ind1="0" ind2="0">
    <subfield code="a">Planta Hidroel&#xE9;ctrica Chicoasen de Moreno de Torres</subfield>
    <subfield code="c">/Comisi&#xF3;n Federal de Electricidad,  Gobierno de la rep&#xFA;blica Mexicana</subfield>
  </datafield>
  <datafield tag="250" ind1=" " ind2=" ">
    <subfield code="a">1a ed.</subfield>
  </datafield>
  <datafield tag="260" ind1=" " ind2=" ">
    <subfield code="a">M&#xE9;xico :</subfield>
    <subfield code="b">Comisi&#xF3;n Federal de Electricidad, </subfield>
  </datafield>
  <datafield tag="260" ind1=" " ind2=" ">
    <subfield code="b">Gobierno de la Rep&#xFA;blica Mexicana, </subfield>
    <subfield code="c">1980 </subfield>
  </datafield>
  <datafield tag="300" ind1=" " ind2=" ">
    <subfield code="a">78 p. :</subfield>
    <subfield code="b">il.;</subfield>
    <subfield code="c">25 cm.</subfield>
  </datafield>
  <datafield tag="650" ind1=" " ind2="7">
    <subfield code="2">lemb</subfield>
    <subfield code="a">Planta Hidroel&#xE9;ctrica</subfield>
    <subfield code="z">Chiapas (M&#xE9;xico) </subfield>
  </datafield>
  <datafield tag="710" ind1="2" ind2=" ">
    <subfield code="a">Comisi&#xF3;n Federal de Electricidad,</subfield>
    <subfield code="b">Gobierno de la Rep&#xFA;blica Mexicana</subfield>
  </datafield>
  <datafield tag="942" ind1=" " ind2=" ">
    <subfield code="2">lcc</subfield>
    <subfield code="c">LIB</subfield>
  </datafield>
</record>
